000 00710nam a22001937a 4500
999 _c175711
_d175711
005 20200921150602.0
010 _aENG-128447
020 _c50.00
_a9789386763082
035 _aEN-111979
037 _bDBAD/PUB
082 _a616.462
100 _aVenkatanarasu, Ashok
245 _aKnow your Diabetes for a Happy Life/
_cby Dr. Ashok Venkatanarasu, edited by Dr. D. Chandrasekhar Reddy
260 _aVijaywada
_bEMESCO BOOKS
_c2017
270 _a33-22-2, Chandram Buildings, C.R.Road, Chuttungunta
_bVijaywada
_e520004
_k0866-2436643
_memescovja@gmail.com
300 _a96p.
_c21cm(pbk)
_bpictures and Illustrations
700 _aReddy, D. Chandrasekhar
942 _2ddc
_cEN
_h616.462
_mVEN